Fashion Retailing a Multi Channel Approach (Record no. 11967)

MARC details
000 -LEADER
fixed length control field 00364nam a2200145Ia 4500
008 - FIXED-LENGTH DATA ELEMENTS--GENERAL INFORMATION
fixed length control field 230312s9999||||xx |||||||||||||| ||und||
020 ## - INTERNATIONAL STANDARD BOOK NUMBER
International Standard Book Number 81-317-0949-3
082 ## - DEWEY DECIMAL CLASSIFICATION NUMBER
Classification number 687.0688
Item number DIA-F
100 ## - MAIN ENTRY--PERSONAL NAME
Personal name Diamond;Ellen
245 #0 - TITLE STATEMENT
Title Fashion Retailing a Multi Channel Approach
260 ## - PUBLICATION, DISTRIBUTION, ETC.
Name of publisher, distributor, etc. Pearson
Place of publication, distribution, etc. India
Date of publication, distribution, etc. 2006
300 ## - PHYSICAL DESCRIPTION
Extent 408
650 ## - SUBJECT ADDED ENTRY--TOPICAL TERM
Topical term or geographic name entry element Architecture
942 ## - ADDED ENTRY ELEMENTS (KOHA)
Koha item type BOOK
Holdings
Withdrawn status Lost status Source of classification or shelving scheme Damaged status Not for loan Home library Current library Date acquired Total Checkouts Full call number Barcode Date last seen Price effective from Koha item type
    Dewey Decimal Classification     Superior Information Resource Center (SIRC) Superior University- Central Library Superior Information Resource Center (SIRC) Superior University- Central Library 03/13/2023   687.0688 DIA-F 12098 03/13/2023 03/13/2023 BOOK

Powered by Koha